Club de l'e-ligue 1 saison 2025 - Statistiques

Statistiques générales
  • Ce quiz a été pris 3 fois
  • Le résultat moyen est 8 sur 11
Statistiques - réponses
Joueurs Club % Correct
Mathis MARTIN (MattM) – Walid BEL HADAOUI (Quarna) Angers SCO
100%
Diogo PEIXOTO (Diogo Peixoto) – Marwan CHAHHOU (Marwan) AS Monaco
100%
Julien PERBAL (Fouma) ; Leandro PEIXOTO (LJR Peixoto) FC Lorient
100%
Dylan GOZUACIK (Dylo) ; Victor RASSIN (Faucheur) FC Nantes
100%
Ilias EL RHAZZAZ (Nkantee) ; Yanis BOUCEBAINE (Yaskow) Paris Saint-Germain
100%
Adrien THORS (Addrx) – Yann MOREAU (Paastek) AJ Auxerre
67%
Andréa MONTANINI (Montaxer) – Raffaele CACCIAPUOTI (Caccia) Clermont Foot 63
67%
Mohamed ABDOULFATAH (Ama2zerr) – Polo GASY (Polo Gasy) ESTAC Troyes
67%
Brice MASSON (Brice) ; Ilian BOUCHI (Ilian) LOSC Lille
67%
Corentin CHEVREY (Rocky) ; Wignall JACK DYLAN (Goal Poacher) Montpellier HSC
33%
Malik GUELLATI (MvLiK93) ; Mathéo COGNAUT (Zynia) RC Strasbourg Alsace
0%
Aucun quiz correspondant
Distribution des résultats
% des personnes avec chaque résultat
Percentile par nombre de réponses
Votre historique - résultats
Vous n’avez pas pris ce quiz